[Event "Corsica-ch qual"]
[Site "Corsica"]
[Date "2009.06.13"]
[Round "?"]
[White "Campana, Marc Antoine"]
[Black "Rossi, Pascal"]
[Result "0-1"]
[WhiteElo "1889"]
[BlackElo "1857"]
[PlyCount "80"]
[EventDate "2009.06.13"]
[EventType "match"]
[EventRounds "2"]
[EventCountry "FRA"]
[SourceTitle "EXT 2010"]
[Source "ChessBase"]
[SourceDate "2010.11.25"]
[SourceVersion "1"]
[SourceVersionDate "2010.11.25"]
[SourceQuality "1"]

1. e4 c5 2. Nf3 d6 3. d4 cxd4 4. Nxd4 Nf6 5. Nc3 g6 6. Be3 Bg7 7. f3 0-0 8. Qd2 Nc6 9. g4 Be6 10. 0-0-0 Nxd4 11. Bxd4 Qa5 12. g5 Nh5 13. Bxg7 Nxg7 14. Kb1 Rfc8 15. Nd5 Qxd2 16. Rxd2 Kf8 17. h4 Nh5 18. Bh3 Rc5 19. b4 Rc4 20. a3 Bxd5 21. Rxd5 Nf4 22. Rd2 Rc3 23. Bg4 Rxa3 24. Re1 a5 25. b5 Rc3 26. e5 Rc5 27. exd6 Rxb5+ 28. Ka1 exd6 29. Rxd6 Re8 30. Rxe8+ Kxe8 31. c4 Rb4 32. c5 Ne2 33. Rd3 Nc1 34. Rc3 Nb3+ 35. Ka2 Nd4 36. Re3+ Kd8 37. Re4 Nc6 38. Re3 Rd4 39. Ka3 Nb4 40. Re5 Nd3 0-1

[Event "Corsica-ch"]
[Site "Corsica"]
[Date "2008.06.15"]
[Round "4"]
[White "Campana, Marc Antoine"]
[Black "Cristofari, Antoine"]
[Result "0-1"]
[WhiteElo "1831"]
[BlackElo "2141"]
[PlyCount "86"]
[EventDate "2008.05.31"]
[EventType "swiss"]
[EventRounds "9"]
[EventCountry "FRA"]
[SourceTitle "EXT 2009"]
[Source "ChessBase"]
[SourceDate "2008.11.26"]
[SourceVersion "1"]
[SourceVersionDate "2008.11.26"]
[SourceQuality "1"]

1. e4 g6 2. d4 Bg7 3. Nc3 c6 4. Nf3 d5 5. Be3 Bg4 6. Be2 Nf6 7. h3 Bxf3 8. Bxf3 e6 9. Qd2 h5 10. a4 Nbd7 11. a5 b6 12. b4 bxa5 13. bxa5 Rc8 14. 0-0 0-0 15. Bg5 Qc7 16. e5 Nh7 17. Be7 Rfe8 18. Bd6 Qd8 19. Be2 c5 20. f4 f6 21. Ba6 cxd4 22. Qxd4 fxe5 23. fxe5 Rc6 24. Qd3 Rxd6 25. exd6 Ne5 26. Qb5 Nc4 27. Nxd5 Nxd6 28. Qd3 Bxa1 29. Qxg6+ Bg7 30. Bd3 Nf5 31. Bxf5 exf5 32. Qxf5 Kh8 33. Nf4 Nf6 34. Nxh5 Qd4+ 35. Kh1 Re5 36. Qc8+ Kh7 37. Nxf6+ Bxf6 38. Qf8 Bg7 39. Qf3 Rxa5 40. Rd1 Qxd1+ 41. Qxd1 Ra1 42. Qxa1 Bxa1 43. Kg1 a5 0-1

[Event "Calvi Balagne op 05th"]
[Site "Calvi"]
[Date "2008.04.12"]
[Round "9"]
[White "Massoni, Michael"]
[Black "Campana, Marc Antoine"]
[Result "1/2-1/2"]
[WhiteElo "2176"]
[BlackElo "1831"]
[PlyCount "129"]
[EventDate "2008.04.06"]
[EventType "swiss"]
[EventRounds "9"]
[EventCountry "FRA"]
[SourceTitle "CBM 123 Extra"]
[Source "ChessBase"]
[SourceDate "2008.05.06"]
[SourceVersion "1"]
[SourceVersionDate "2008.05.06"]
[SourceQuality "1"]

1. e4 c5 2. Nf3 e6 3. d4 cxd4 4. Nxd4 Nc6 5. Nc3 Nf6 6. Be2 Bb4 7. 0-0 0-0 8. Bg5 h6 9. Bh4 g5 10. Bg3 Bxc3 11. bxc3 Nxe4 12. Bd3 Nxg3 13. fxg3 f5 14. Qh5 Rf6 15. Rae1 Nxd4 16. cxd4 d5 17. Bxf5 Qe7 18. Bd3 Bd7 19. Qe2 Raf8 20. Qe5 Rxf1+ 21. Rxf1 Rxf1+ 22. Kxf1 Kf7 23. Ke2 Bc6 24. Ke3 a6 25. Qh8 Qf6 26. Qc8 Qe7 27. Qb8 Qf6 28. Be2 Kg7 29. Qc7+ Qf7 30. Qe5+ Qf6 31. Qd6 Qg6 32. Bd3 Qe8 33. Qe5+ Kf7 34. Be2 Kg6 35. h4 Qe7 36. Bd3+ Kf7 37. Kf3 Qf6+ 38. Kg4 Qxe5 39. dxe5 d4 40. hxg5 hxg5 41. Kxg5 Bxg2 42. g4 Kg7 43. Kf4 b5 44. a3 Bd5 45. Be2 Kg6 46. Bd3+ Kg7 47. g5 Kf7 48. Bf1 Kg6 49. Bd3+ Kf7 50. Kg3 Bc6 51. Kf2 a5 52. Ke2 b4 53. axb4 axb4 54. Kd2 Bd5 55. Kc1 Ba2 56. Kd2 Bd5 57. Ke2 Kg7 58. Kf2 Kf7 59. Kg3 Kg7 60. Kg4 Kf7 61. Kf4 Kg7 62. Kg3 Kf7 63. Kf4 Kg7 64. Kg3 Kf7 65. Kf4 1/2-1/2

[Event "Calvi Balagne op 05th"]
[Site "Calvi"]
[Date "2008.04.08"]
[Round "3"]
[White "Campana, Marc Antoine"]
[Black "Ferrandi, Bernard"]
[Result "1-0"]
[WhiteElo "1831"]
[BlackElo "1954"]
[PlyCount "57"]
[EventDate "2008.04.06"]
[EventType "swiss"]
[EventRounds "9"]
[EventCountry "FRA"]
[SourceTitle "CBM 123 Extra"]
[Source "ChessBase"]
[SourceDate "2008.05.06"]
[SourceVersion "1"]
[SourceVersionDate "2008.05.06"]
[SourceQuality "1"]

1. e4 d5 2. exd5 Qxd5 3. Nc3 Qa5 4. d4 Nf6 5. Bd3 Nc6 6. Nf3 Bg4 7. h3 Bh5 8. g4 Bg6 9. Bxg6 hxg6 10. Bd2 e6 11. Ne4 Qd5 12. Nxf6+ gxf6 13. c3 e5 14. Qe2 0-0-0 15. c4 Qd7 16. dxe5 fxe5 17. 0-0-0 Nd4 18. Nxd4 exd4 19. Qd3 Bg7 20. Rhe1 Qc6 21. Re7 Qa4 22. Bf4 Rd7 23. Rxd7 Kxd7 24. Kb1 Rxh3 25. Bg3 c5 26. Qf3 Kc8 27. b3 Qd7 28. Qf4 Qe6 29. Qc7# 1-0

[Event "Calvi Balagne op 04th"]
[Site "Calvi"]
[Date "2007.02.27"]
[Round "3"]
[White "Boukobza, Adrien"]
[Black "Campana, Marc Antoine"]
[Result "1/2-1/2"]
[WhiteElo "2192"]
[BlackElo "1791"]
[PlyCount "89"]
[EventDate "2007.02.26"]
[EventType "swiss"]
[EventRounds "7"]
[EventCountry "FRA"]
[SourceTitle "CBM 117 Extra"]
[Source "ChessBase"]
[SourceDate "2007.05.09"]
[SourceVersion "1"]
[SourceVersionDate "2007.05.09"]
[SourceQuality "1"]

1. d4 d5 2. c4 c6 3. Nc3 Nf6 4. Nf3 dxc4 5. a4 Bg4 6. e3 e6 7. Bxc4 c5 8. d5 exd5 9. Nxd5 Nc6 10. 0-0 Bd6 11. h3 Bh5 12. Nxf6+ Qxf6 13. Qd5 Bg6 14. Bd2 0-0 15. Bc3 Qe7 16. Rad1 Rad8 17. Qg5 Qxg5 18. Nxg5 h6 19. Nf3 Rfe8 20. Rd2 Bc7 21. Bd5 Be4 22. Rfd1 Bxd5 23. Rxd5 b6 24. Rd7 Rxd7 25. Rxd7 Re7 26. Rxe7 Nxe7 27. Be5 Bxe5 28. Nxe5 f6 29. Nc4 Nc6 30. Kf1 Kf7 31. Ke2 Ke6 32. Kd3 Nb4+ 33. Kc3 Kd5 34. Nd2 f5 35. Nf3 g5 36. Nd2 Nc6 37. Nf3 a6 38. Ne1 Ne5 39. Nd3 Nxd3 40. Kxd3 b5 41. axb5 axb5 42. f3 h5 43. Kc3 Ke5 44. Kd3 Kd5 45. Kc3 1/2-1/2

[Event "Condom op 5th"]
[Site "Condom"]
[Date "2006.07.10"]
[Round "4"]
[White "Decoster, Frederic"]
[Black "Campana, Marc Antoine"]
[Result "1-0"]
[WhiteElo "2157"]
[BlackElo "1775"]
[PlyCount "41"]
[EventDate "2006.07.08"]
[EventType "swiss"]
[EventRounds "9"]
[EventCountry "FRA"]
[SourceTitle "CBM 113 Extra"]
[Source "ChessBase"]
[SourceDate "2006.09.14"]
[SourceVersion "1"]
[SourceVersionDate "2006.09.14"]
[SourceQuality "1"]

1. e4 c5 2. Nf3 d6 3. d4 cxd4 4. Nxd4 Nf6 5. Nc3 a6 6. Bg5 e6 7. f4 Be7 8. Qf3 Qc7 9. 0-0-0 Nbd7 10. g4 b5 11. Bxf6 Nxf6 12. g5 Nd7 13. f5 Nc5 14. f6 gxf6 15. gxf6 Bf8 16. Qh5 b4 17. Nd5 exd5 18. exd5 Nd7 19. Ne6 Qa7 20. Ng7+ Bxg7 21. Re1+ 1-0

[Event "Corsica-ch"]
[Site "Bastia"]
[Date "2005.05.28"]
[Round "1.2"]
[White "Campana, Marc Antoine"]
[Black "Cristofari, Antoine"]
[Result "0-1"]
[WhiteElo "1660"]
[BlackElo "2129"]
[PlyCount "80"]
[EventDate "2005.05.28"]
[EventType "k.o."]
[EventRounds "4"]
[EventCountry "FRA"]
[SourceTitle "EXT 2007"]
[Source "ChessBase"]
[SourceDate "2006.11.23"]
[SourceVersion "1"]
[SourceVersionDate "2006.11.23"]
[SourceQuality "1"]

1. e4 e5 2. Bc4 Nf6 3. d3 Nc6 4. Nc3 Na5 5. f4 Nxc4 6. dxc4 Bb4 7. Qd3 Qe7 8. f5 Bxc3+ 9. bxc3 h6 10. Nf3 b6 11. 0-0 Bb7 12. Re1 d6 13. a4 a5 14. Ba3 Bc6 15. Nd2 Qd7 16. Qg3 Rg8 17. Rad1 Bxa4 18. Nf3 Qe7 19. Rd2 Bc6 20. Qh4 Nd7 21. Qg4 Nf6 22. Qh4 Nd7 23. Qg4 Bb7 24. Rde2 Ba6 25. Nd2 Qg5 26. Qxg5 hxg5 27. Re3 Rh8 28. Rg3 f6 29. Nf3 Kf7 30. Nd2 Bb7 31. Rb1 Bc6 32. h3 Rab8 33. Re3 Rh4 34. g4 Rhh8 35. Kh2 a4 36. Rd3 Nc5 37. Bxc5 bxc5 38. Re3 Rxb1 39. Nxb1 Rb8 40. Re1 Bxe4 0-1

[Event "Corsica-ch"]
[Site "Bastia"]
[Date "2005.05.28"]
[Round "1.1"]
[White "Cristofari, Antoine"]
[Black "Campana, Marc Antoine"]
[Result "1-0"]
[WhiteElo "2129"]
[BlackElo "1660"]
[PlyCount "139"]
[EventDate "2005.05.28"]
[EventType "k.o."]
[EventRounds "4"]
[EventCountry "FRA"]
[SourceTitle "EXT 2007"]
[Source "ChessBase"]
[SourceDate "2006.11.23"]
[SourceVersion "1"]
[SourceVersionDate "2006.11.23"]
[SourceQuality "1"]

1. e4 e5 2. Nf3 d6 3. d4 exd4 4. Nxd4 Nf6 5. Nc3 Nc6 6. f3 Be7 7. Be3 a6 8. Qd2 d5 9. Nxc6 bxc6 10. e5 Nd7 11. f4 Nb6 12. Qf2 Bb4 13. Bc5 Bxc3+ 14. bxc3 Na4 15. Ba3 Bf5 16. Rc1 Qd7 17. Qd4 c5 18. Bxc5 Qc6 19. Bb4 a5 20. Ba3 Qxc3+ 21. Qxc3 Nxc3 22. Bd3 Be4 23. Kd2 Bxd3 24. cxd3 Nb5 25. Bb2 a4 26. Rc5 c6 27. Rxc6 Kd7 28. Rc5 Rab8 29. Rhc1 Ke6 30. g4 g6 31. f5+ gxf5 32. gxf5+ Kxf5 33. e6 f6 34. Rf1+ Kxe6 35. Rxf6+ Ke7 36. Rh6 d4 37. Rhh5 Nc3 38. Bxc3 dxc3+ 39. Kxc3 Kd6 40. Ra5 Rhc8+ 41. Kd4 Rb4+ 42. Ke3 Re8+ 43. Kd2 Rb2+ 44. Kc3 Rxa2 45. Ra6+ Kc7 46. Rxh7+ Kb8 47. Rb6+ Ka8 48. d4 Re3+ 49. Kc4 Rc2+ 50. Kd5 a3 51. Rd6 Rc8 52. Rdd7 Rf8 53. Kd6 Rc3 54. d5 Rf6+ 55. Ke5 Rb6 56. Kd4 Rf3 57. Kc5 Rb2 58. Rd8+ Rb8 59. Rd6 Rc8+ 60. Kd4 Rb3 61. Ra6+ Kb8 62. d6 Rd8 63. Kc4 Rb7 64. Rh6 Rbd7 65. Kd5 Ra7 66. Rxa7 Kxa7 67. Rh3 Kb6 68. Rb3+ Ka5 69. Rxa3+ Kb4 70. Rh3 1-0

[Event "Porticcio op 4th"]
[Site "Porticcio"]
[Date "2003.06.??"]
[Round "1"]
[White "Orsoni, Jean Philippe"]
[Black "Campana, Marc Antoine"]
[Result "1-0"]
[WhiteElo "2070"]
[BlackElo "1540"]
[PlyCount "53"]
[EventDate "2003.06.??"]
[EventType "swiss"]
[EventRounds "9"]
[EventCountry "FRA"]
[SourceTitle "EXT 2007"]
[Source "ChessBase"]
[SourceDate "2006.11.23"]
[SourceVersion "1"]
[SourceVersionDate "2006.11.23"]
[SourceQuality "1"]

1. e4 e5 2. Nf3 Nc6 3. Bc4 Nf6 4. Ng5 d5 5. exd5 Na5 6. Bb5+ c6 7. dxc6 bxc6 8. Qf3 Qb6 9. Nc3 Bc5 10. Nd5 Bxf2+ 11. Kd1 Bg4 12. Nxb6 Bxf3+ 13. Nxf3 Bxb6 14. Ba4 Rc8 15. Nxe5 Ne4 16. Rf1 0-0 17. b4 Nb7 18. Nxc6 Nf2+ 19. Rxf2 Bxf2 20. Ne7+ Kh8 21. Nxc8 Rxc8 22. Bb2 Rd8 23. Ke2 Bb6 24. Rf1 a5 25. Rxf7 Nd6 26. Rxg7 Nc8 27. Rg4+ 1-0